Wirtschaftsgeschichte Deutschlands

Saved in:  
Bibliographic Details
Subtitles:Wirtschaftsgeschichte Deutschlands im 19. und 20. Jahrhundert
Main Author: Bechtel, Heinrich 1889-1970 (Author)
Format: Print Book
Language:German
Subito Delivery Service: Order now.
Check availability: HBZ Gateway
WorldCat: WorldCat
Interlibrary Loan:Interlibrary Loan for the Fachinformationsdienste (Specialized Information Services in Germany)
Published: München Callwey 1951-
In:Year: 1951
Standardized Subjects / Keyword chains:B Deutschland (boat, 1866-1875) / Economy
B Deutschland (boat, 1866-1875) / Economy / History
Further subjects:B History

MARC

LEADER 00000cam a2200000 ca4500
001 1070000663
003 DE-627
005 20251224214506.0
007 tu
008 850101m19519999xx ||||| 00| ||ger c
035 |a (DE-627)1070000663 
035 |a (DE-603)05612127X 
035 |a (DE-576)000000663 
035 |a (DE-599)BSZ000000663 
035 |a (OCoLC)06259864 
035 |a (DE-604)8023912537 
040 |a DE-627  |b ger  |c DE-627  |e rakwb 
041 |a ger 
082 0 |a 330.943  |2 DDCoclc 
084 |a 1  |2 ssgn 
084 |a QF 020  |2 rvk  |0 (DE-625)rvk/141307: 
084 |a BL 8030  |2 rvk  |0 (DE-625)rvk/12319: 
084 |a BO 4260  |2 rvk  |0 (DE-625)rvk/14436: 
084 |a NF 1215  |2 rvk  |0 (DE-625)rvk/125211:1189 
084 |a 15.19  |2 bkl 
100 1 |0 (DE-588)116100087  |0 (DE-627)077625706  |0 (DE-576)160213274  |4 aut  |a Bechtel, Heinrich  |d 1889-1970 
109 |a Bechtel, Heinrich 1889-1970 
245 1 0 |a Wirtschaftsgeschichte Deutschlands  |c Heinrich Bechtel 
246 3 3 |a Wirtschaftsgeschichte Deutschlands im 19. und 20. Jahrhundert 
264 1 |a München  |b Callwey  |c 1951- 
336 |a Text  |b txt  |2 rdacontent 
337 |a ohne Hilfsmittel zu benutzen  |b n  |2 rdamedia 
338 |a Band  |b nc  |2 rdacarrier 
500 |a Bd. 3 auch selbst. ersch. u. d. T.: Wirtschaftsgeschichte Deutschlands im 19. und 20. Jahrhundert 
601 |a Wirtschaftsgeschichte 
648 7 |a Geschichte  |2 gnd 
689 0 0 |d g  |0 (DE-588)4011882-4  |0 (DE-627)104704861  |0 (DE-576)208896155  |2 gnd  |a Deutschland 
689 0 1 |d s  |0 (DE-588)4066399-1  |0 (DE-627)104346884  |0 (DE-576)209164522  |2 gnd  |a Wirtschaft 
689 0 |5 DE-101 
689 1 0 |d g  |0 (DE-588)4011882-4  |0 (DE-627)104704861  |0 (DE-576)208896155  |2 gnd  |a Deutschland 
689 1 1 |d s  |0 (DE-588)4066399-1  |0 (DE-627)104346884  |0 (DE-576)209164522  |2 gnd  |a Wirtschaft 
689 1 2 |q z  |2 gnd  |a Geschichte 
689 1 |5 (DE-627) 
935 |a mteo 
936 r v |a QF 020  |b Deutschland  |k Wirtschaftswissenschaften  |k Wirtschafts- und Sozialgeschichte  |k Europa  |k Deutschland  |0 (DE-627)1270635905  |0 (DE-625)rvk/141307:  |0 (DE-576)200635905 
936 r v |a BL 8030  |b Geschichtliches  |k Theologie und Religionswissenschaften  |k Christliche Gesellschaftslehre  |k Wirtschaft  |k Geschichtliches  |0 (DE-627)1270729454  |0 (DE-625)rvk/12319:  |0 (DE-576)200729454 
936 r v |a BO 4260  |b Einzelthemen  |k Theologie und Religionswissenschaften  |k Patrologie und Kirchengeschichte  |k Kirchengeschichte nach Perioden  |k Geschichte der Kirche im Mittelalter  |k Darstellungen  |k Mittelalter insgesamt  |k Einzelthemen  |0 (DE-627)1270747126  |0 (DE-625)rvk/14436:  |0 (DE-576)200747126 
936 r v |a NF 1215  |b Wirtschafts- und Sozialgeschichte /-archäologie  |k Geschichte  |k Ur- und Frühgeschichte / Prähistorische Archäologie  |k Allgemeine und europäische Ur- und Frühgeschichte nach Epochen  |k Zeitlich übergreifende Darstellungen  |k Gesamtzeitraum  |k Wirtschafts- und Sozialgeschichte /-archäologie  |0 (DE-627)127155285X  |0 (DE-625)rvk/125211:1189  |0 (DE-576)20155285X 
936 r u |a NW 2250  |b Mitteleuropa (allgemein und Darstellungen in den jeweiligen Grenzen des Reiches)  |k Geschichte  |k Wirtschafts- und Sozialgeschichte  |k Allgemeine Wirtschafts- und Sozialgeschichte  |k Allgemeines zur Wirtschafts- und Sozialgeschichte einzelner Staaten und Völker  |k Europa  |k Mitteleuropa (allgemein und Darstellungen in den jeweiligen Grenzen des Reiches)  |0 (DE-627)1271492733  |0 (DE-576)201492733  |z Ungueltig 
936 b k |a 15.19  |j Vor- und Frühgeschichte  |q coli-conc RVK->BK  |q https://coli-conc.gbv.de/api/mappings/86628ea8-ce7c-4261-a534-79c6ddd79ae8  |0 (DE-627)10640329X 
951 |a MC 
ELC |b 1 
ITA |a 1  |t 1 
LOK |0 000 xxxxxcx a22 zn 4500 
LOK |0 001 2578223629 
LOK |0 003 DE-627 
LOK |0 004 1070000663 
LOK |0 005 20080808152709 
LOK |0 008 080808||||||||||||||||ger||||||| 
LOK |0 040   |a DE-21  |c DE-627  |d DE-21 
LOK |0 852   |a DE-21 
LOK |0 852 1  |9 00 
LOK |0 935   |a dika 
LOK |0 939   |a 08-08-08  |b l01 
LOK |0 000 xxxxxcx a22 zn 4500 
LOK |0 001 2000006019 
LOK |0 003 DE-627 
LOK |0 004 1070000663 
LOK |0 005 20020508000000 
LOK |0 008 990316||||||||||||||||ger||||||| 
LOK |0 040   |a DE-21-31  |c DE-627  |d DE-21-31 
LOK |0 852   |a DE-21-31 
LOK |0 852 1  |c Mn V 58  |m p  |9 00 
LOK |0 938   |k p 
LOK |0 939   |a 16-03-99  |b l01 
LOK |0 000 xxxxxcx a22 zn 4500 
LOK |0 001 2000006027 
LOK |0 003 DE-627 
LOK |0 004 1070000663 
LOK |0 005 20130717171831 
LOK |0 008 020129||||||||||||||||ger||||||| 
LOK |0 040   |a DE-21-24  |c DE-627  |d DE-21-24 
LOK |0 852   |a DE-21-24 
LOK |0 852 1  |c D,IIIe,248  |m p  |9 00 
LOK |0 935   |a ALAS 
LOK |0 936ln  |a D,IIIe, 
LOK |0 938   |k p 
LOK |0 939   |a 29-01-02  |b l01 
LOK |0 000 xxxxxcx a22 zn 4500 
LOK |0 001 2530927758 
LOK |0 003 DE-627 
LOK |0 004 1070000663 
LOK |0 005 20070403114642 
LOK |0 008 070403||||||||||||||||ger||||||| 
LOK |0 040   |a DE-21-32b  |c DE-627  |d DE-21-32b 
LOK |0 852   |a DE-21-32b 
LOK |0 852 1  |m p  |9 00 
LOK |0 935   |a k32b  |a kneu 
LOK |0 938   |k p 
LOK |0 939   |a 03-04-07  |b l01 
LOK |0 000 xxxxxcx a22 zn 4500 
LOK |0 001 2763628060 
LOK |0 003 DE-627 
LOK |0 004 1070000663 
LOK |0 005 20130717171919 
LOK |0 008 130717||||||||||||||||ger||||||| 
LOK |0 040   |a DE-21-32c  |c DE-627  |d DE-21-32c 
LOK |0 852   |a DE-21-32c 
LOK |0 852 1  |m p  |9 00 
LOK |0 935   |a k32c  |a i32c 
LOK |0 938   |k p 
LOK |0 939   |a 17-07-13  |b l01 
LOK |0 000 xxxxxcx a22 zn 4500 
LOK |0 001 2768401463 
LOK |0 003 DE-627 
LOK |0 004 1070000663 
LOK |0 005 20130919152355 
LOK |0 008 130919||||||||||||||||ger||||||| 
LOK |0 040   |a DE-21-64  |c DE-627  |d DE-21-64 
LOK |0 541   |e 00 
LOK |0 852   |a DE-21-64 
LOK |0 852 1  |c Qh 5  |m p  |9 00 
LOK |0 935   |a k064 
LOK |0 938   |k p 
LOK |0 939   |a 19-09-13  |b l01 
ORI |a SA-MARC-ixtheoa001.raw 
REF |a Wirtschaftsgeschichte 
REL |a 1 
SPR |a 1  |t IXT 
STA 0 0 |a Deutschland (boat, 1866-1875),Germany,Germany,Germany,Germany,German Federal Republic (motif),Germany,Germany,Germany,Germany,Germany,Germany,Germany,German Democratic Republic,Germany,Federal Republic of Germany,Germany,Germany,Soviet Occupation Zone,French Occupation Zone,Economy,Economy,Economic life,History,History,History in art 
STB 0 0 |a Deutschland (bateau, 1866-1875),Allemagne,Allemagne,République fédérale d'Allemagne (motif),Histoire,Histoire,Histoire,Économie,Économie 
STC 0 0 |a Alemania,Alemania,Economía,Economía,Historia,Historia,Historia 
STD 0 0 |a Economia,Economia,Germania,Germania,Storia,Storia 
STE 0 0 |a 历史,史,德国,德国,经济 
STF 0 0 |a 德國,德國,歷史,史,經濟 
STG 0 0 |a Alemanha,Alemanha,Economia,Economia,História,História 
STH 0 0 |a Германия (ГДР, мотив),Германия (мотив),История (мотив),История,Экономика (мотив),Экономика 
STI 0 0 |a Γερμανία (ΛΔΓ, μοτίβο),Γερμανία (μοτίβο),Ιστορία (μοτίβο),Ιστορία,Οικονομία (μοτίβο),Οικονομία 
SUB |a REL 
SYG 0 0 |a DDR,Deutsche Demokratische Republik,Germany,Amerikanische Zone Deutschlands,BRD,Britische Zone Deutschlands,Bundesrepublik Deutschland,Französische Zone Deutschlands,Vereinigtes Wirtschaftsgebiet Deutschlands,BRD,Bundesrepublik Deutschland , Vereinigtes Wirtschaftsgebiet,Bizone,Verwaltung des Vereinigten Wirtschaftsgebietes,Französische Zone,Zone Française d'Occupation,Französische Besatzungszone,ZFO,Britische Zone,British occupation zone,Britische Besatzungszone,British Zone of Control,Britisches Kontrollgebiet,British Element,Britisches Element,Sowjetische Zone,Russische Zone,Sowjetische Besatzungszone,Russische Besatzungszone,Sowjetische Besatzungszone Deutschlands,Sowjetische Besatzungszone in Deutschland,Sowjetisch Besetzte Zone,Sowjetzone,Ostzone,SBZ,Länder,Westliche Bundesländer,Alte Bundesländer,Deutschland,Westdeutschland,Deutschland,Westzonen,Westliche Besatzungszonen,Trizone,Amerikanische Zone,American occupation zone,Amerikanische Besatzungszone,ABZ,United States Area of Control,Amerikanisches Kontrollgebiet,U.S. zone of occupation,United States Zone,U.S. Zone,US-Zone,Alemanha,Alemania,Allemagne,Almanija,Almāniyā,Bondsrepubliek Duitsland,BRD,BRD,Bundesrepublik Deutschland,Deutschland,Deutschland,Federal Republic of Germany,Förbundsrepubliken Tyskland,Förbundsrepublikken Tyskland,FRG,Germany,Németországi Szövetségi Kőztársaság,Niemiecka Republika Federalna Niemiecka Republika Federalna,NRF,Repubblica Federale di Germania,Republic of Germany,República Federal da Alemanha,República Federal de Alemania,Republik Federasi Djerman,Republika Federalna Niemiec,République Fédérale d'Allemagne,RFN,Saksan Liittotasavalta,Westdeutschland,Deutsche Demokratische Republik,DDR,Deutschland,German Democratic Republic,GDR,République Démocratique Allemande,RDA,Germanskaja Demokratičeskaja Respublika,Demokratičeskaja Respublika,Democratic Republic,Demokratische Republik,Niemiecka Republika Demokratyczna,NRD,Ǧumhūrīyat Almāniyā ad-Dīmuqrāṭīya,República Democrática Alemana,Saksan Demokraattisen Tasavallan,Repubblica Democratica Tedesca,Mitteldeutschland,Ostdeutschland,East Germany,Ostzone,Deutsche Länder,Germany,Heiliges Römisches Reich,Rheinbund,Deutscher Bund,Norddeutscher Bund,Deutsches Reich,Deutschland,Deutschland,BRD,Federal Republic of Germany,Republic of Germany,Allemagne,Ǧumhūrīyat Almāniyā al-Ittiḥādīya,Bundesrepublik Deutschland,BRD,Niemcy,République Fédérale d'Allemagne,Repubblica Federale di Germania,Germanija,Federativnaja Respublika Germanija,FRG,Deyizhi-Lianbang-Gongheguo,Östliche Bundesländer,Neue Bundesländer,Länder,Deutschland,Ostdeutschland,Deutschland,Deutschland , Wirtschaftsleben,Ökonomie , DDR,Deutsche Demokratische Republik,Germany,Amerikanische Zone Deutschlands,BRD,Britische Zone Deutschlands,Bundesrepublik Deutschland,Französische Zone Deutschlands,Vereinigtes Wirtschaftsgebiet Deutschlands,BRD,Bundesrepublik Deutschland , Vereinigtes Wirtschaftsgebiet,Bizone,Verwaltung des Vereinigten Wirtschaftsgebietes,Französische Zone,Zone Française d'Occupation,Französische Besatzungszone,ZFO,Britische Zone,British occupation zone,Britische Besatzungszone,British Zone of Control,Britisches Kontrollgebiet,British Element,Britisches Element,Sowjetische Zone,Russische Zone,Sowjetische Besatzungszone,Russische Besatzungszone,Sowjetische Besatzungszone Deutschlands,Sowjetische Besatzungszone in Deutschland,Sowjetisch Besetzte Zone,Sowjetzone,Ostzone,SBZ,Länder,Westliche Bundesländer,Alte Bundesländer,Deutschland,Westdeutschland,Deutschland,Westzonen,Westliche Besatzungszonen,Trizone,Amerikanische Zone,American occupation zone,Amerikanische Besatzungszone,ABZ,United States Area of Control,Amerikanisches Kontrollgebiet,U.S. zone of occupation,United States Zone,U.S. Zone,US-Zone,Alemanha,Alemania,Allemagne,Almanija,Almāniyā,Bondsrepubliek Duitsland,BRD,BRD,Bundesrepublik Deutschland,Deutschland,Deutschland,Federal Republic of Germany,Förbundsrepubliken Tyskland,Förbundsrepublikken Tyskland,FRG,Germany,Németországi Szövetségi Kőztársaság,Niemiecka Republika Federalna Niemiecka Republika Federalna,NRF,Repubblica Federale di Germania,Republic of Germany,República Federal da Alemanha,República Federal de Alemania,Republik Federasi Djerman,Republika Federalna Niemiec,République Fédérale d'Allemagne,RFN,Saksan Liittotasavalta,Westdeutschland,Deutsche Demokratische Republik,DDR,Deutschland,German Democratic Republic,GDR,République Démocratique Allemande,RDA,Germanskaja Demokratičeskaja Respublika,Demokratičeskaja Respublika,Democratic Republic,Demokratische Republik,Niemiecka Republika Demokratyczna,NRD,Ǧumhūrīyat Almāniyā ad-Dīmuqrāṭīya,República Democrática Alemana,Saksan Demokraattisen Tasavallan,Repubblica Democratica Tedesca,Mitteldeutschland,Ostdeutschland,East Germany,Ostzone,Deutsche Länder,Germany,Heiliges Römisches Reich,Rheinbund,Deutscher Bund,Norddeutscher Bund,Deutsches Reich,Deutschland,Deutschland,BRD,Federal Republic of Germany,Republic of Germany,Allemagne,Ǧumhūrīyat Almāniyā al-Ittiḥādīya,Bundesrepublik Deutschland,BRD,Niemcy,République Fédérale d'Allemagne,Repubblica Federale di Germania,Germanija,Federativnaja Respublika Germanija,FRG,Deyizhi-Lianbang-Gongheguo,Östliche Bundesländer,Neue Bundesländer,Länder,Deutschland,Ostdeutschland,Deutschland,Deutschland , Wirtschaftsleben,Ökonomie , History,Geschichtliche Epoche,Historical development,Historische Entwicklung,Landesgeschichte,Regionalgeschichte,Ortsgeschichte,Zeitgeschichte 
TIM |a 100019901003_100020261231  |b 1990-10-03 - 2026